000 00329nam a2200133Ia 4500
008 191201s1995 xx 000 0 und d
100 _aBERTRAND, Regis
245 4 _aThe Textile of Guatemala
250 _a1st Rep.
260 _aLondon
_bStudio Editions, London
_c1995
300 _a112
650 _aB.Tech(TE)
942 _2ddc
_cBK
999 _c2513
_d2513